| 000 | 00328nam a2200109Ia 4500 | ||
|---|---|---|---|
| 008 | 171211s9999 xx 000 0 und d | ||
| 245 | _aProgressive Sexuality Education: The Conceits of Secularism | ||
| 245 | _cMary Lou Rasmussen | ||
| 260 | _c2016 | ||
| 650 | _xSexuality | ||
| 856 | _uhttp://down.ebook777.com/060/B073SWX4KH.pdf | ||
| 999 |
_c350668 _d350668 |
||